| 000 | 00824cab a2200241 4500 | ||
|---|---|---|---|
| 001 | ABS49813 | ||
| 008 | 090401t1993 xxu||||| |||| 00| 0 eng d | ||
| 035 | _a(Sirsi) u72832 | ||
| 041 | _aeng | ||
| 100 | _aGarbett, C. | ||
| 245 | _aWhat`s new at the Property Computer Show | ||
| 260 | _c1993 | ||
| 350 | _a0 | ||
| 490 |
_aValuer (ISVA) _v62(10) December 1993, 25(1) |
||
| 520 | _aNotes on software packages launched at the 1993 Property Computer Show: Lambs (Letting and Management Business System), Caldes, Access, Trace Business System, and Wigwam. | ||
| 650 | _aDEVELOPMENT APPRAISAL SYSTEMS | ||
| 650 | _aPROPERTY MANAGEMENT SYSTEMS | ||
| 650 | _aRESIDENTIAL AGENCY | ||
| 650 | _aSOFTWARE PACKAGES | ||
| 690 | _aMANAGEMENT-BUSINESS MANAGEMENT-INFORMATION MANAGEMENT | ||
| 942 | _n0 | ||
| 948 | _c04/03/1997 | ||
| 999 |
_c46031 _d46031 |
||